000 00439nam a2200169Ia 4500
003 GCL
008 140319s9999 xx 000 0 ara d
040 _aGCL /
_cGCL
082 0 4 _a896
_bع م
100 1 _aعلى شلش
245 1 0 _aمن الادب الافريقى /
_cعلى شلش
300 _a118 ص
490 _aاقرأ
_v0
650 0 4 _aالادب الافريقى
650 0 4 _aالادب - مجموعات
942 _2ddc
_cBK
999 _c47390
_d47390